[Event "Campionatele Nationale echipe - Div A -"]
[Site "Calimanesti-Caciulata"]
[Date "2014.11.09"]
[Round "2.2"]
[White "Andreescu, Darie-Ioan"]
[Black "Ciobanu, Viorel Adrian"]
[Result "1-0"]
[WhiteElo "2295"]
[BlackElo "2185"]
[PlyCount "83"]
[EventDate "2014.11.08"]
[EventType "team"]
[EventRounds "9"]
[WhiteTeam "CS UNIVERSITATEA TARGOVISTE"]
[BlackTeam "SAH-CLUB DIANA GALATI"]

1. d4 Nf6 2. c4 g6 3. g3 Bg7 4. Bg2 O-O 5. Nc3 d6 6. Nf3 Nbd7 7. O-O e5 8. e4
c6 9. Bh3 exd4 10. Nxd4 Re8 11. Be3 Nc5 12. Qc2 a5 13. Rad1 Nfd7 14. b3 Qe7 15.
Rfe1 h5 16. Nde2 Nf6 17. Bg5 Ne6 18. Bc1 Nh7 19. f4 Nc5 20. Ba3 h4 21. g4 g5
22. Bc1 gxf4 23. Bxf4 Be5 24. Qd2 Be6 25. Nd4 Rad8 26. Nce2 Bxf4 27. Nxf4 Qg5
28. Rf1 Bc8 29. Rde1 Ne6 30. Ndxe6 Bxe6 31. Kh1 a4 32. Qb4 axb3 33. axb3 Qc5
34. Qd2 b5 35. Nh5 bxc4 36. Qh6 Qe5 37. bxc4 Bxc4 38. Rf5 Re6 39. Qc1 Qd4 40.
Rd1 Bd3 41. Nf4 d5 42. Rxd3 1-0

[Event "Campionatele Nationale echipe - Div A -"]
[Site "Calimanesti-Caciulata"]
[Date "2014.11.08"]
[Round "1.2"]
[White "Ciobanu, Viorel Adrian"]
[Black "Badea Takacs, Bela"]
[Result "1/2-1/2"]
[WhiteElo "2185"]
[BlackElo "2476"]
[PlyCount "52"]
[EventDate "2014.11.08"]
[EventType "team"]
[EventRounds "9"]
[WhiteTeam "SAH-CLUB DIANA GALATI"]
[BlackTeam "CSU BRASOV"]

1. e4 d6 2. d4 Nf6 3. Nc3 e5 4. Nf3 Nbd7 5. Be2 Be7 6. O-O O-O 7. Re1 c6 8. a4
b6 9. Bf1 a6 10. g3 Bb7 11. Bg2 b5 12. b3 Re8 13. Bb2 Qc7 14. Nb1 Bf8 15. Nbd2
exd4 16. Nxd4 g6 17. axb5 axb5 18. c4 Rxa1 19. Qxa1 Ra8 20. Qb1 bxc4 21. Nxc4
Bg7 22. Rd1 Re8 23. Nc2 Bf8 24. N2e3 Re6 25. Bh3 Re8 26. Bg2 Re6 1/2-1/2

[Event "ChampionshipRomania"]
[Site "?"]
[Date "2014.05.04"]
[Round "?"]
[White "Ciobanu, Viorel Adrian"]
[Black "Ambru, Dan Calin"]
[Result "1-0"]
[WhiteElo "2211"]
[BlackElo "1972"]
[PlyCount "51"]
[EventDate "2014.??.??"]

1. e4 d6 2. f4 Nf6 3. e5 dxe5 4. fxe5 Nd5 5. d4 c6 6. c4 Nb6 7. Nc3 Qc7 8. Bf4
e6 9. Nf3 Bb4 10. Bd3 a5 11. O-O h6 12. Ne4 Na6 13. c5 Nd5 14. Nd6+ Ke7 15. Bg3
Ne3 16. Qe2 Nxf1 17. Rxf1 Rf8 18. Nh4 Bxc5 19. dxc5 Nxc5 20. Bb1 b6 21. Qh5 Qd7
22. Ng6+ fxg6 23. Bh4+ g5 24. Bxg5+ hxg5 25. Qxg5+ Rf6 26. Rxf6 1-0

[Event "Targu Mures ROM, Men Ch 2014"]
[Site "Targu Mures ROM"]
[Date "2014.05.03"]
[Round "10.24"]
[White "Samu, Sorin-Mihai"]
[Black "Ciobanu, Viorel Adrian"]
[Result "1-0"]
[WhiteElo "2084"]
[BlackElo "2211"]
[PlyCount "53"]
[EventDate "2014.04.26"]
[EventType "swiss"]
[EventRounds "11"]
[EventCountry "ROM"]
[Source "Chess Mix"]

1. e4 e5 2. f4 d5 3. exd5 e4 4. Nc3 Nf6 5. d3 Bb4 6. dxe4 Nxe4 7. Qd4 Bxc3+ 8.
bxc3 O-O 9. Nf3 Re8 10. Be3 c5 11. dxc6 Qa5 12. Ne5 Nxc6 13. Qxe4 Nxe5 14. fxe5
Rxe5 15. Qd4 Bg4 16. Bc4 Rd8 17. Bxf7+ Kh8 18. O-O Rxd4 19. Bxd4 Bf5 20. Rf2
Re7 21. Bb3 h6 22. Raf1 Be6 23. Re1 Rd7 24. Bxe6 Rxd4 25. Rf8+ Kh7 26. Bf5+ g6
27. Re7# 1-0

[Event "Targu Mures ROM, Men Ch 2014"]
[Site "Targu Mures ROM"]
[Date "2014.05.02"]
[Round "9.25"]
[White "Tufa, Mihai"]
[Black "Ciobanu, Viorel Adrian"]
[Result "1/2-1/2"]
[WhiteElo "1964"]
[BlackElo "2211"]
[PlyCount "25"]
[EventDate "2014.04.26"]
[EventType "swiss"]
[EventRounds "11"]
[EventCountry "ROM"]
[Source "Chess Mix"]

1. e4 e5 2. Nf3 Nc6 3. Bb5 d6 4. c3 Nf6 5. O-O Be7 6. d4 Bd7 7. dxe5 dxe5 8.
Re1 O-O 9. Bg5 h6 10. Bxf6 Bxf6 11. Bxc6 Bxc6 12. Qxd8 Raxd8 13. Na3 1/2-1/2

[Event "Targu Mures ROM, Men Ch 2014"]
[Site "Targu Mures ROM"]
[Date "2014.05.01"]
[Round "7.23"]
[White "Ciobanu, Viorel Adrian"]
[Black "Anuta, Laurentiu "]
[Result "0-1"]
[WhiteElo "2211"]
[BlackElo "2013"]
[PlyCount "100"]
[EventDate "2014.04.26"]
[EventType "swiss"]
[EventRounds "11"]
[EventCountry "ROM"]
[Source "Chess Mix"]

1. e4 d6 2. d4 Nf6 3. Nc3 c6 4. Nf3 Bg4 5. Be3 e6 6. Bd3 Nbd7 7. Qd2 Be7 8. Ng1
Bh5 9. f3 Bg6 10. Nge2 e5 11. O-O-O b5 12. Ng3 b4 13. Nce2 a5 14. Kb1 O-O 15.
f4 exf4 16. Nxf4 c5 17. h4 c4 18. Nxg6 hxg6 19. Bxc4 d5 20. Bd3 dxe4 21. Nxe4
a4 22. h5 gxh5 23. g4 b3 24. g5 Nxe4 25. Bxe4 g6 26. Bxa8 bxc2+ 27. Qxc2 Qxa8
28. Rc1 a3 29. b3 Qf3 30. Bd2 Nb6 31. Rhe1 Bd6 32. Qe4 Qh3 33. Rc6 Nc8 34. Rec1
Qh2 35. Rxc8 Qxd2 36. R1c2 Qxg5 37. Rxf8+ Bxf8 38. Rg2 Qf6 39. Kc2 Bd6 40. Kc3
Kg7 41. b4 Qf1 42. Kb3 h4 43. Kxa3 h3 44. Re2 h2 45. Re1 Qc4 46. Rb1 Bxb4+ 47.
Rxb4 Qc1+ 48. Ka4 h1=Q 49. Qe5+ Kh7 50. Rb8 Qcc6+ 0-1

[Event "Targu Mures ROM, Men Ch 2014"]
[Site "Targu Mures ROM"]
[Date "2014.05.01"]
[Round "8.29"]
[White "Ciobanu, Viorel Adrian"]
[Black "Paune , Florea"]
[Result "1-0"]
[WhiteElo "2211"]
[BlackElo "1793"]
[PlyCount "49"]
[EventDate "2014.04.26"]
[EventType "swiss"]
[EventRounds "11"]
[EventCountry "ROM"]
[Source "Chess Mix"]

1. e4 e5 2. Nf3 f5 3. d4 fxe4 4. Nxe5 Nf6 5. Bc4 d5 6. Bb3 c6 7. Bg5 Be6 8. Nd2
Bd6 9. Qe2 O-O 10. O-O Kh8 11. f3 exf3 12. Rxf3 Qe8 13. Re3 Qc8 14. Ng6+ hxg6
15. Rxe6 Re8 16. Re1 Nbd7 17. Qf3 Qc7 18. Qh3+ Kg8 19. c4 Bb4 20. cxd5 Rxe6 21.
dxe6 Nb6 22. e7+ Nbd5 23. Bxf6 gxf6 24. Bxd5+ cxd5 25. e8=Q+ 1-0

[Event "Targu Mures ROM, Men Ch 2014"]
[Site "Targu Mures ROM"]
[Date "2014.04.30"]
[Round "6.21"]
[White "Gheorghiu, Calin"]
[Black "Ciobanu, Viorel Adrian"]
[Result "1-0"]
[WhiteElo "2073"]
[BlackElo "2211"]
[PlyCount "115"]
[EventDate "2014.04.26"]
[EventType "swiss"]
[EventRounds "11"]
[EventCountry "ROM"]
[Source "Chess Mix"]

1. e4 e5 2. Nf3 Nc6 3. Bb5 a6 4. Ba4 Nf6 5. d3 d6 6. c3 Be7 7. O-O O-O 8. Re1
b5 9. Bb3 Na5 10. Bc2 c5 11. Nbd2 Qc7 12. Nf1 Nc6 13. Ng3 h6 14. h3 Re8 15. Nh4
Be6 16. Qf3 Nh7 17. Nhf5 Bf8 18. h4 Kh8 19. Ne3 Qd8 20. h5 Be7 21. Ngf5 Bg5 22.
Rd1 g6 23. Ng3 Qd7 24. Bb3 Rg8 25. Bxe6 fxe6 26. Ng4 Raf8 27. Qe2 Qg7 28. Bxg5
Nxg5 29. hxg6 Qxg6 30. Ne3 Rf4 31. a4 b4 32. Qh5 Qg7 33. Ng4 Nf7 34. f3 Qg5 35.
Qxg5 Nxg5 36. Kf2 Rgf8 37. Ke2 R4f7 38. Nxh6 Rb7 39. Ng4 Kg7 40. Ne3 Rh8 41.
Rd2 bxc3 42. bxc3 Rb3 43. Rc2 Kf6 44. Raa2 Rhb8 45. Ngf1 Ke7 46. Nd2 R3b7 47.
Ndc4 Kd7 48. Rcb2 Kc7 49. Rxb7+ Rxb7 50. Rb2 Rxb2+ 51. Nxb2 Nf7 52. Kf2 Kd7 53.
Kg3 Ke7 54. Kh4 Kf6 55. Kh5 Ne7 56. Nbc4 Ng8 57. Nb6 Ke7 58. g4 1-0

[Event "Targu Mures ROM, Men Ch 2014"]
[Site "Targu Mures ROM"]
[Date "2014.04.29"]
[Round "5.22"]
[White "Ciobanu, Viorel Adrian"]
[Black "Puskas, Janos"]
[Result "1-0"]
[WhiteElo "2211"]
[BlackElo "2068"]
[PlyCount "75"]
[EventDate "2014.04.26"]
[EventType "swiss"]
[EventRounds "11"]
[EventCountry "ROM"]
[Source "Chess Mix"]

1. e4 e5 2. Nf3 Nc6 3. Bb5 a6 4. Ba4 Nf6 5. O-O Bc5 6. d3 b5 7. Bb3 d6 8. Be3
Qe7 9. a4 Rb8 10. axb5 axb5 11. Nbd2 O-O 12. c3 Bb6 13. Re1 h6 14. Nf1 Be6 15.
Bc2 Rfd8 16. Bxb6 Rxb6 17. Ng3 Qd7 18. d4 Bg4 19. d5 Ne7 20. h3 Bxf3 21. Qxf3
Ng6 22. Nf5 Nf4 23. Kh2 Kh7 24. g3 Nxh3 25. Kxh3 g6 26. Kg2 gxf5 27. exf5 Rg8
28. Rh1 Rg5 29. Qe3 Kg7 30. Rxh6 Kxh6 31. Rh1+ Nh5 32. g4 f6 33. Rxh5+ Kg7 34.
Rxg5+ fxg5 35. Qxg5+ Kf8 36. f6 b4 37. Qh6+ Kg8 38. Bf5 1-0

[Event "Targu Mures ROM, Men Ch 2014"]
[Site "Targu Mures ROM"]
[Date "2014.04.28"]
[Round "4.10"]
[White "Murariu, Andrei"]
[Black "Ciobanu, Viorel Adrian"]
[Result "1-0"]
[WhiteElo "2518"]
[BlackElo "2211"]
[PlyCount "81"]
[EventDate "2014.04.26"]
[EventType "swiss"]
[EventRounds "11"]
[EventCountry "ROM"]
[Source "Chess Mix"]

1. e4 e5 2. Nf3 Nc6 3. d4 exd4 4. Nxd4 Nf6 5. Nxc6 bxc6 6. e5 Qe7 7. Qe2 Nd5 8.
c4 Ba6 9. b3 O-O-O 10. Bb2 g5 11. h4 Bg7 12. Nd2 Kb8 13. O-O-O h6 14. Nf3 Nf4
15. Qd2 c5 16. hxg5 hxg5 17. Rxh8 Bxh8 18. g3 Ne6 19. Nh2 Bb7 20. Ng4 d5 21.
cxd5 Rxd5 22. Qe1 Rxd1+ 23. Qxd1 Nd4 24. Bxd4 cxd4 25. Qxd4 Bf3 26. Bh3 f5 27.
exf6 Qe1+ 28. Kb2 Qe2+ 29. Ka3 Qa6+ 30. Qa4 Qxa4+ 31. Kxa4 Bxg4 32. f7 Bg7 33.
Bxg4 c6 34. Kb4 Kc7 35. Kc5 Bf8+ 36. Kd4 Kd6 37. Ke4 Kc5 38. Kf5 Kb4 39. Kxg5
a5 40. Be6 a4 41. bxa4 1-0

[Event "Ch Romania"]
[Site "Targu Mures (Romania)"]
[Date "2014.04.27"]
[Round "3"]
[White "Ciobanu, Viorel Adrian"]
[Black "Salim, Riza"]
[Result "1-0"]
[WhiteElo "2211"]
[BlackElo "1957"]
[PlyCount "71"]
[EventDate "2014.??.??"]

1. e4 c5 2. Nf3 Nc6 3. Nc3 g6 4. d4 cxd4 5. Nxd4 Bg7 6. Nb3 Nf6 7. Be2 O-O 8.
O-O b6 9. f4 d6 10. Bf3 e5 11. f5 h6 12. g4 Nh7 13. Be3 Bb7 14. Bg2 Ne7 15. Qd2
b5 16. Rad1 Nf6 17. Bxh6 Nxg4 18. Bxg7 Qb6+ 19. Kh1 Kxg7 20. Qg5 Nf6 21. Nd5
Nexd5 22. exd5 Qd8 23. Na5 Qxa5 24. Rd3 Qd8 25. Rh3 Rh8 26. Rxh8 Qxh8 27. fxg6
Qd8 28. Be4 Nxe4 29. Rxf7+ Kg8 30. Qh6 Nf2+ 31. Kg2 Bxd5+ 32. Kf1 Bc4+ 33. Ke1
Nd3+ 34. Kd2 Qg5+ 35. Qxg5 Bxf7 36. Qh6 1-0

[Event "Targu Mures ROM, Men Ch 2014"]
[Site "Targu Mures ROM"]
[Date "2014.04.27"]
[Round "2.16"]
[White "Filip, Lucian-Ioan"]
[Black "Ciobanu, Viorel Adrian"]
[Result "1-0"]
[WhiteElo "2455"]
[BlackElo "2211"]
[PlyCount "105"]
[EventDate "2014.04.26"]
[EventType "swiss"]
[EventRounds "11"]
[EventCountry "ROM"]
[Source "Chess Mix"]

1. d4 Nf6 2. c4 g6 3. Nf3 Bg7 4. Nc3 d6 5. e4 O-O 6. Be2 Nbd7 7. O-O e5 8. Be3
Re8 9. d5 Nf8 10. Nd2 b6 11. b4 h5 12. f3 h4 13. Bg5 h3 14. g4 N8h7 15. Be3 Nd7
16. Kh1 Bf6 17. Nb3 Bg5 18. Qd2 a5 19. a3 Ndf8 20. Bxg5 Nxg5 21. bxa5 bxa5 22.
c5 a4 23. Bb5 Bd7 24. Nc1 Bxb5 25. Nxb5 Rb8 26. Na7 Qf6 27. Nc6 Rb5 28. Nd3 Nd7
29. cxd6 cxd6 30. Ndb4 Nc5 31. Qe2 Rb7 32. Qe3 Kg7 33. Rf2 Rd7 34. Raf1 Rb7 35.
Kg1 Rd7 36. Rc2 Rb7 37. Rcf2 Rd7 38. Na5 Ra7 39. Nc4 Rd7 40. Na5 Rc8 41. Nac6
Re8 42. f4 Ngxe4 43. fxe5 Qh4 44. Rf4 dxe5 45. Rxe4 Nxe4 46. Qxe4 f5 47. Qe2 e4
48. gxf5 gxf5 49. Nd4 Kh8 50. Nxf5 Rg8+ 51. Kh1 Qg5 52. Ng3 e3 53. Rf5 1-0

[Event "Ch Romania"]
[Site "Targu Mures (Romania)"]
[Date "2014.04.26"]
[Round "1"]
[White "Ciobanu, Viorel Adrian"]
[Black "Ardelean, Rusalim-Pavel"]
[Result "1-0"]
[WhiteElo "2211"]
[BlackElo "1785"]
[PlyCount "69"]
[EventDate "2014.??.??"]

1. e4 e5 2. Nf3 Nc6 3. Bb5 a6 4. Ba4 Nf6 5. O-O b5 6. Bb3 h6 7. d4 exd4 8. e5
Nh7 9. c3 Na5 10. Bc2 dxc3 11. Nxc3 Bb7 12. Qe2 Be7 13. Rd1 Nf8 14. Nd4 Bg5 15.
f4 Be7 16. Qg4 g6 17. f5 h5 18. Qg3 Rg8 19. Be4 c6 20. e6 d5 21. exf7+ Kxf7 22.
fxg6+ Ke8 23. Bf5 Bc8 24. g7 Bxf5 25. gxf8=Q+ Rxf8 26. Nxf5 Rxf5 27. Qg6+ Rf7
28. Rf1 Bc5+ 29. Kh1 Raa7 30. Bg5 Qxg5 31. Qxg5 b4 32. Rae1+ Kf8 33. Qh6+ Kg8
34. Re8+ Bf8 35. Rxf8+ 1-0

[Event "Campionatul National pe Echipe - Divizi"]
[Site "Olanesti - Hotel PARANG"]
[Date "2013.10.20"]
[Round "9.2"]
[White "Ciobanu, Viorel Adrian"]
[Black "Milu, Romeo Sorin"]
[Result "0-1"]
[WhiteElo "2247"]
[BlackElo "2377"]
[PlyCount "70"]
[EventDate "2013.10.12"]
[EventType "team"]
[EventRounds "9"]
[WhiteTeam "Diana Galati"]
[BlackTeam "Sah Club Deva"]

1. e4 c5 2. Nf3 Nc6 3. d4 cxd4 4. Nxd4 g6 5. Nc3 Bg7 6. Nb3 Nf6 7. Be2 d6 8.
O-O O-O 9. Be3 a6 10. a4 Be6 11. f4 Rc8 12. Kh1 Na5 13. Nxa5 Qxa5 14. Bd3 Qb4
15. Rb1 Rfe8 16. Bd2 Qc5 17. Qe1 Bc4 18. Qg3 b5 19. axb5 axb5 20. Rbe1 Bxd3 21.
cxd3 b4 22. Nd1 Qb5 23. f5 Nd7 24. Qh3 Ne5 25. d4 Nd3 26. fxg6 fxg6 27. Re3
Nxb2 28. Ref3 Nxd1 29. Bh6 Qe2 30. Qe6+ Kh8 31. Bxg7+ Kxg7 32. Rf7+ Kh8 33. h3
Ne3 34. R1f2 Qd1+ 35. Kh2 Qxd4 0-1

[Event "Campionatul National pe Echipe - Divizi"]
[Site "Olanesti - Hotel PARANG"]
[Date "2013.10.19"]
[Round "8.2"]
[White "Varlan, Herwig Ioan"]
[Black "Ciobanu, Viorel Adrian"]
[Result "1-0"]
[WhiteElo "2163"]
[BlackElo "2247"]
[PlyCount "132"]
[EventDate "2013.10.12"]
[EventType "team"]
[EventRounds "9"]
[WhiteTeam "Sah Club Ramnicu Valcea"]
[BlackTeam "Diana Galati"]

1. d4 Nf6 2. c4 g6 3. Nc3 Bg7 4. e4 d6 5. Nf3 O-O 6. h3 e5 7. d5 Nbd7 8. Bd3
Nc5 9. Bc2 a5 10. Be3 Nh5 11. O-O b6 12. Re1 Bd7 13. a3 a4 14. Bxc5 bxc5 15.
Bxa4 Bxa4 16. Nxa4 f5 17. Nc3 Nf4 18. Kh2 Bh6 19. g3 fxe4 20. Nxe4 Nh5 21. Kg2
Qe7 22. Nh2 Rf5 23. Ng4 Bg7 24. Ne3 Rff8 25. Rb1 Rfb8 26. b4 cxb4 27. axb4 Nf6
28. Nxf6+ Qxf6 29. Qf3 Qe7 30. Qe4 Ra2 31. b5 Rf8 32. Rf1 Qf7 33. Nd1 Bh6 34.
b6 cxb6 35. Rxb6 Qe7 36. Qb1 Raa8 37. Nc3 Qf6 38. f3 Be3 39. Ne4 Qf7 40. Rb7
Qf5 41. Nxd6 Qf6 42. Ne4 Qa6 43. Qb3 Kh8 44. Rb1 Bd4 45. g4 h6 46. h4 Ra7 47.
Rxa7 Qxa7 48. g5 Qf7 49. Nf6 e4 50. fxe4 Qe7 51. Re1 Bxf6 52. gxf6 Qxf6 53. Qg3
Qd4 54. Qe3 Qg7 55. e5 Kh7 56. Rf1 Rxf1 57. Kxf1 Qb7 58. Qd3 Qb2 59. Qe2 Qc1+
60. Kg2 Qa3 61. e6 Qe7 62. Qe4 h5 63. Qd4 Qd6 64. c5 Qa6 65. Kf3 Qf1+ 66. Ke4
Qg2+ 1-0

[Event "Campionatul National pe Echipe - Divizi"]
[Site "Olanesti - Hotel PARANG"]
[Date "2013.10.18"]
[Round "7.2"]
[White "Ciobanu, Viorel Adrian"]
[Black "Gulie, Cosmin"]
[Result "1-0"]
[WhiteElo "2247"]
[BlackElo "2089"]
[PlyCount "95"]
[EventDate "2013.10.12"]
[EventType "team"]
[EventRounds "9"]
[WhiteTeam "Diana Galati"]
[BlackTeam "CS Universitatea Targoviste"]

1. e4 c5 2. Nf3 g6 3. d4 cxd4 4. Nxd4 Nc6 5. Nc3 Bg7 6. Be3 Nf6 7. Nb3 d6 8.
Be2 Be6 9. f4 Qc8 10. O-O Ng4 11. Bxg4 Bxg4 12. Qd2 Be6 13. Nd4 Nxd4 14. Bxd4
Bxd4+ 15. Qxd4 Qc5 16. Qxc5 dxc5 17. f5 Bc4 18. Rfd1 f6 19. b3 Ba6 20. Nd5 Kf7
21. Nc7 Rad8 22. c4 gxf5 23. exf5 Rhg8 24. Kf2 Rc8 25. Rd7 Rg5 26. g4 Rg7 27.
Re1 Kf8 28. Kf3 Rf7 29. h3 h6 30. Kg3 Rg7 31. Kh4 Rf7 32. Re3 Rg7 33. Kg3 Rh7
34. h4 Rg7 35. Kf3 Rf7 36. Re6 Rg7 37. Kf4 Rf7 38. Kg3 Rg7 39. Kh2 Rf7 40. Kh3
Rg7 41. Rxf6+ exf6 42. Ne6+ Ke8 43. Rxg7 Rc6 44. g5 fxg5 45. hxg5 hxg5 46. Kg4
b5 47. cxb5 Bxb5 48. Kxg5 1-0

[Event "Campionatul National pe Echipe - Divizi"]
[Site "Olanesti - Hotel PARANG"]
[Date "2013.10.17"]
[Round "6.2"]
[White "Titu, Maiorescu Dorin"]
[Black "Ciobanu, Viorel Adrian"]
[Result "1-0"]
[WhiteElo "2220"]
[BlackElo "2247"]
[PlyCount "119"]
[EventDate "2013.10.12"]
[EventType "team"]
[EventRounds "9"]
[WhiteTeam "Chindia Targoviste"]
[BlackTeam "Diana Galati"]

1. Nf3 d5 2. d3 Nf6 3. c3 c5 4. Nbd2 Nc6 5. e4 e6 6. Be2 Be7 7. O-O O-O 8. Re1
b5 9. Bf1 a5 10. a4 b4 11. e5 Nd7 12. Nb3 Rb8 13. c4 Nb6 14. Be3 d4 15. Bf4 Bb7
16. Nbd2 g5 17. Nxg5 Bxg5 18. Qg4 h6 19. h4 f5 20. exf6 Qxf6 21. Bg3 Rbe8 22.
hxg5 hxg5 23. Ne4 Qf5 24. Qxg5+ Qxg5 25. Nxg5 e5 26. Ne4 Bc8 27. Nxc5 Nd7 28.
Nxd7 Bxd7 29. Be2 b3 30. Bf3 Nb4 31. Rxe5 Rxe5 32. Bxe5 Nc2 33. Rd1 Bxa4 34.
Bc7 Rc8 35. Bxa5 Bc6 36. Bg4 Ra8 37. Bd2 Kf7 38. Be2 Kf6 39. g4 Re8 40. Kf1 Rh8
41. f3 Rh2 42. Bf4 Rh8 43. Kg2 Ra8 44. Rh1 Be8 45. Rh8 Ke7 46. Bg5+ Kf7 47. Rh1
Ra2 48. Bc1 Ra1 49. Rf1 Ke6 50. f4 Bc6+ 51. Kg3 Ra8 52. f5+ Ke5 53. f6 Rf8 54.
Bf4+ Ke6 55. g5 Ne3 56. Bxe3 dxe3 57. d4 Be8 58. Rf3 Bg6 59. Rxe3+ Kd6 60. Rxb3
1-0

[Event "Campionatul National pe Echipe - Divizi"]
[Site "Olanesti - Hotel PARANG"]
[Date "2013.10.16"]
[Round "5.2"]
[White "Ciobanu, Viorel Adrian"]
[Black "Dobre, Claudiu Cristian"]
[Result "0-1"]
[WhiteElo "2247"]
[BlackElo "2357"]
[PlyCount "96"]
[EventDate "2013.10.12"]
[EventType "team"]
[EventRounds "9"]
[WhiteTeam "Diana Galati"]
[BlackTeam "Conpet Ploiesti"]

1. e4 c6 2. d4 d5 3. exd5 cxd5 4. c4 Nf6 5. Nc3 Nc6 6. Nf3 Bg4 7. cxd5 Nxd5 8.
Qb3 Bxf3 9. gxf3 e6 10. Qxb7 Nxd4 11. Bb5+ Nxb5 12. Qc6+ Ke7 13. Qxb5 Qd7 14.
Qe2 f6 15. Nxd5+ Qxd5 16. O-O Kf7 17. Rd1 Qb7 18. Re1 Qd5 19. Rd1 Qb7 20. Be3
Be7 21. Rd2 Rhd8 22. Rad1 Rxd2 23. Rxd2 Rc8 24. Kg2 a6 25. Qd1 Rc7 26. Qa4 Qb5
27. Qxb5 axb5 28. Bb6 Rc6 29. Be3 b4 30. b3 g5 31. h3 e5 32. h4 h6 33. hxg5
hxg5 34. Kf1 Ke6 35. Ke2 f5 36. Rd1 Ra6 37. Kd3 f4 38. Bd2 Rxa2 39. Kc4 Rc2+
40. Kd3 Rb2 41. Kc4 Kf5 42. Be1 Rc2+ 43. Kd3 Rb2 44. Kc4 g4 45. fxg4+ Kxg4 46.
Rd7 Bf8 47. Rd3 e4 48. Rd8 Re2 0-1

[Event "Campionatul National pe Echipe - Divizi"]
[Site "Olanesti - Hotel PARANG"]
[Date "2013.10.15"]
[Round "4.2"]
[White "Tugui, Adrian"]
[Black "Ciobanu, Viorel Adrian"]
[Result "1-0"]
[WhiteElo "2389"]
[BlackElo "2247"]
[PlyCount "85"]
[EventDate "2013.10.12"]
[EventType "team"]
[EventRounds "9"]
[WhiteTeam "Sah Club Oltenia"]
[BlackTeam "Diana Galati"]

1. d4 Nf6 2. c4 g6 3. Nc3 Bg7 4. e4 d6 5. f3 O-O 6. Be3 e5 7. Nge2 c6 8. d5
cxd5 9. cxd5 a6 10. Qd2 Nbd7 11. g4 b5 12. Ng3 Nb6 13. Rc1 Nfd7 14. h4 Re8 15.
h5 Nf8 16. b3 Bd7 17. Bd3 Bc8 18. Kf2 Nbd7 19. Rcg1 Nc5 20. Bb1 Qa5 21. Nf5
Bxf5 22. gxf5 Rac8 23. Ne2 b4 24. Rg2 Qb6 25. Kf1 Qd8 26. Qxb4 a5 27. Qd2 Rb8
28. Kf2 Qb6 29. Rc1 Bh6 30. Rc4 Bf4 31. Nxf4 exf4 32. Bd4 Nxb3 33. axb3 Qxb3
34. Ba2 Qa3 35. Kg1 Rec8 36. Rxc8 Rxc8 37. Qxf4 Qb4 38. Bb2 Qe1+ 39. Kh2 a4 40.
fxg6 fxg6 41. e5 a3 42. Bxa3 Ra8 43. Bxd6 1-0

[Event "Campionatul National pe Echipe - Divizi"]
[Site "Olanesti - Hotel PARANG"]
[Date "2013.10.14"]
[Round "3.2"]
[White "Oltean, Liviu Ioan"]
[Black "Ciobanu, Viorel Adrian"]
[Result "1/2-1/2"]
[WhiteElo "2348"]
[BlackElo "2247"]
[PlyCount "69"]
[EventDate "2013.10.12"]
[EventType "team"]
[EventRounds "9"]
[WhiteTeam "CSM Cluj Napoca"]
[BlackTeam "Diana Galati"]

1. e4 c5 2. Nf3 e6 3. c4 b6 4. Nc3 Bb7 5. d4 cxd4 6. Nxd4 a6 7. Be3 d6 8. Be2
Nf6 9. f3 Be7 10. O-O O-O 11. Qd2 Nbd7 12. Rac1 Re8 13. Rfd1 Rc8 14. Bf1 Qc7
15. Qf2 Bf8 16. b4 Qb8 17. Nb3 d5 18. cxd5 exd5 19. Nxd5 Nxd5 20. Rxc8 Bxc8 21.
Rxd5 Bxb4 22. Qg3 Qxg3 23. hxg3 b5 24. g4 Ne5 25. Bc5 Bc3 26. Bd4 Bxd4+ 27.
Nxd4 f6 28. Rd6 Kf7 29. a4 Ke7 30. Rb6 Rd8 31. Nf5+ Bxf5 32. gxf5 Rd6 33. Rb7+
Rd7 34. Rb6 Rd6 35. Rb7+ 1/2-1/2

[Event "Campionatul National pe Echipe - Divizi"]
[Site "Olanesti - Hotel PARANG"]
[Date "2013.10.13"]
[Round "2.2"]
[White "Ciobanu, Viorel Adrian"]
[Black "Foisor, Ovidiu Doru"]
[Result "0-1"]
[WhiteElo "2247"]
[BlackElo "2398"]
[PlyCount "68"]
[EventDate "2013.10.12"]
[EventType "team"]
[EventRounds "9"]
[WhiteTeam "Diana Galati"]
[BlackTeam "CS Sinandrei Timis"]

1. e4 e6 2. d4 d5 3. Nc3 dxe4 4. Nxe4 Bd7 5. Nf3 Bc6 6. Bd3 Nd7 7. O-O Ngf6 8.
Ng3 Be7 9. b3 O-O 10. Bb2 Bxf3 11. Qxf3 c6 12. Rfe1 Re8 13. c4 Bf8 14. Re2 g6
15. Rae1 Bg7 16. h4 h5 17. Ne4 Nxe4 18. Rxe4 Nc5 19. dxc5 Bxb2 20. g3 Kg7 21.
R1e2 Bd4 22. g4 Rh8 23. Rf4 Qd7 24. g5 Rad8 25. Bc2 Rhf8 26. b4 e5 27. Rfe4 f5
28. gxf6+ Rxf6 29. Qg3 Rdf8 30. Kg2 Rxf2+ 31. Kh1 Rf1+ 32. Kh2 R8f2+ 33. Rxf2
Rxf2+ 34. Kh1 Rxc2 0-1

[Event "Campionatul National pe Echipe - Divizi"]
[Site "Olanesti - Hotel PARANG"]
[Date "2013.10.12"]
[Round "1.2"]
[White "Ardeleanu, Alin"]
[Black "Ciobanu, Viorel Adrian"]
[Result "1-0"]
[WhiteElo "2314"]
[BlackElo "2247"]
[PlyCount "125"]
[EventDate "2013.10.12"]
[EventType "team"]
[EventRounds "9"]
[WhiteTeam "Sah Club Galati"]
[BlackTeam "Diana Galati"]

1. e4 c5 2. Nf3 d6 3. Bb5+ Bd7 4. Bxd7+ Nxd7 5. O-O Ngf6 6. Re1 e5 7. c3 Be7 8.
d4 O-O 9. dxe5 dxe5 10. c4 Qc7 11. Nc3 Rfd8 12. Bg5 Nf8 13. Qb3 Ng6 14. Bxf6
Bxf6 15. Nd5 Qc6 16. Rad1 Rd6 17. Rd3 h6 18. Red1 Rf8 19. Qc3 b5 20. cxb5 Qxb5
21. b3 Nf4 22. Nxf4 exf4 23. e5 Rxd3 24. Qxd3 Rd8 25. Qxb5 Rxd1+ 26. Qf1 Rxf1+
27. Kxf1 Bd8 28. Ke2 Kf8 29. Kd3 Ke7 30. Ke4 Ke6 31. Ne1 g5 32. Nd3 Be7 33. h3
Bf8 34. a4 Be7 35. h4 Bf8 36. h5 Be7 37. g3 fxg3 38. fxg3 Bf8 39. g4 Be7 40.
Ne1 Bd8 41. Nc2 Bc7 42. Ne3 Bxe5 43. Nf5 Bb2 44. Nxh6 Bg7 45. Nf5 Bh8 46. Ne3
Bb2 47. Nd5 Kd6 48. Ne3 Ke6 49. Nf1 Ba1 50. h6 Bb2 51. Ne3 Ba1 52. Nf5 Bb2 53.
Ng7+ Kf6 54. Kd5 Ba3 55. Nf5 Kg6 56. a5 Bb4 57. a6 Kh7 58. Kc6 Ba5 59. Kxc5
Bb6+ 60. Kc6 Bf2 61. b4 Bg1 62. Kd7 Kg6 63. Ke8 1-0

[Event "CN Seniori 2012"]
[Site "Sarata Monteoru/Romania"]
[Date "2012.02.21"]
[Round "11.14"]
[White "Ciobanu, Viorel Adrian"]
[Black "Baratosi, Daniel"]
[Result "0-1"]
[WhiteElo "2219"]
[BlackElo "2418"]
[Annotator "Robot 4"]
[PlyCount "80"]
[EventDate "2012.??.??"]
[TimeControl "40/5400+30:900+30"]

1. e4 c5 2. Nf3 Nc6 3. d4 cxd4 4. Nxd4 g6 5. Nc3 Bg7 6. Nb3 Nf6 7. Be2 O-O 8.
O-O d6 9. Be3 a6 10. f3 b5 11. Qd2 Bb7 12. Rfd1 Ne5 13. Bh6 Bxh6 14. Qxh6 Qb6+
15. Kh1 Rac8 16. Nd4 b4 17. Na4 Qa5 18. b3 Ned7 19. Nb2 Rc5 20. Nc4 Qc7 21. g4
Kh8 22. Rg1 Rg8 23. Bd3 d5 24. Nd2 Qe5 25. Qe3 dxe4 26. fxe4 Rc3 27. N4f3 Qc5
28. Rae1 Qxe3 29. Rxe3 Nc5 30. Ne5 Nfxe4 31. Nxe4 Nxe4 32. Bxe4 Rxe3 33. Nxf7+
Kg7 34. Bxb7 Kxf7 35. Bxa6 Rd8 36. Bd3 e5 37. Rf1+ Ke7 38. Rf2 e4 39. Bc4 Rf8
40. Rd2 Rf4 0-1